Proceedings of the 4th International Workshop on Feature-Oriented Software Development
| Titel: | Proceedings of the 4th International Workshop on Feature-Oriented Software Development |
|---|---|
| Verfasser: | |
| Veröffentlicht: | New York, NY : ACM, 2012 |
| Umfang: | 1 Online-Ressource (81 pages) |
| Format: | E-Book |
| Sprache: | Englisch |
| ISBN: | 9781450313094 |
alg: 40466226 001A $06055:26-06-17 001B $01999:21-03-26 $t00:52:15.000 001D $06055:26-06-17 001U $0utf8 001X $00 002@ $0Oax 002C $aText $btxt $2rdacontent 002D $aComputermedien $bc $2rdamedia 002E $aOnline-Ressource $bcr $2rdacarrier 003@ $0404662269 004A $A978-1-4503-1309-4 007A $0404662269 $aHEB 007I $0ACM-2377816 009Q $S0 $uhttp://portal.acm.org/toc.cfm?id=2377816 $xH 010@ $aeng 011@ $a2012 013D $RWissenschaftliche Literatur $RAufsatzsammlung $#Konferenzbericht $71071861417 $8Konferenzschrift [Tsz] $9359646190 017B $aZDB-15-ACM 021A $aProceedings of the 4th International Workshop on Feature-Oriented Software Development 027A $aFOSD '12 028A $BVerfasser $#Schaefer, I. $4aut $D20220215 $Ecgwrk $7137483821 $8Schaefer, Ina$Z1977- [Tp1] $920973924X 033A $pNew York, NY $nACM 033E $pNew York, NY $nACM 034D $a1 Online-Ressource (81 pages) 044A $aComputer science $N650 045E $c004 lok: 40466226 3 101B $029-06-17 $t15:30:58.000 101C $029-06-17 101U $0utf8 145S/01 $a013 exp: 40466226 3 1 #EPN 201B/01 $021-03-26 $t00:52:15.885 201U/01 $0utf8 203@/01 $01002257662 208@/01 $a26-06-17 $bl 209B/01 $a502 $x05 209S/01 $S0 $uhttp://portal.acm.org/toc.cfm?id=2377816 $XH lok: 40466226 5 exp: 40466226 5 1 #EPN 201B/01 $021-03-26 $t00:52:15.888 201U/01 $0utf8 203@/01 $01002257670 208@/01 $a26-06-17 $bl 209S/01 $S0 $uhttp://portal.acm.org/toc.cfm?id=2377816 $XH lok: 40466226 8 exp: 40466226 8 1 #EPN 201B/01 $021-03-26 $t00:52:15.892 201U/01 $0utf8 203@/01 $01002257689 208@/01 $a26-06-17 $bl 209S/01 $S0 $uhttp://portal.acm.org/toc.cfm?id=2377816 $XH lok: 40466226 10 exp: 40466226 10 1 #EPN 201B/01 $021-03-26 $t00:52:15.894 201U/01 $0utf8 203@/01 $01002257697 208@/01 $a26-06-17 $bl 209S/01 $S0 $uhttp://portal.acm.org/toc.cfm?id=2377816 $XH lok: 40466226 11 exp: 40466226 11 1 #EPN 201B/01 $021-03-26 $t00:52:15.898 201U/01 $0utf8 203@/01 $01002257700 208@/01 $a26-06-17 $bl 209S/01 $S0 $uhttp://portal.acm.org/toc.cfm?id=2377816 $XH lok: 40466226 20 exp: 40466226 20 1 #EPN 201B/01 $021-03-26 $t00:52:15.901 201U/01 $0utf8 203@/01 $01002257719 208@/01 $a26-06-17 $bl 209S/01 $S0 $uhttp://portal.acm.org/toc.cfm?id=2377816 $XH lok: 40466226 21 exp: 40466226 21 1 #EPN 201B/01 $021-03-26 $t00:52:15.904 201U/01 $0utf8 203@/01 $01002257727 208@/01 $a26-06-17 $bl 209S/01 $S0 $uhttp://portal.acm.org/toc.cfm?id=2377816 $XH lok: 40466226 23 exp: 40466226 23 1 #EPN 201B/01 $021-03-26 $t00:52:15.907 201U/01 $0utf8 203@/01 $01002257735 208@/01 $a26-06-17 $bl 209S/01 $S0 $uhttp://portal.acm.org/toc.cfm?id=2377816 $XH lok: 40466226 25 exp: 40466226 25 1 #EPN 201B/01 $021-03-26 $t00:52:15.910 201U/01 $0utf8 203@/01 $01002257743 208@/01 $a26-06-17 $bl 209S/01 $S0 $uhttp://portal.acm.org/toc.cfm?id=2377816 $XH lok: 40466226 36 exp: 40466226 36 1 #EPN 201B/01 $021-03-26 $t00:52:15.916 201C/01 $020-03-26 201U/01 $0utf8 203@/01 $01337879371 208@/01 $a20-03-26 $bl 209S/01 $S0 $uhttp://portal.acm.org/toc.cfm?id=2377816 $XH lok: 40466226 108 exp: 40466226 108 1 #EPN 201B/01 $021-03-26 $t00:52:15.918 201C/01 $020-03-26 201U/01 $0utf8 203@/01 $0133787938X 208@/01 $a20-03-26 $bl 209S/01 $S0 $uhttp://portal.acm.org/toc.cfm?id=2377816 $XH lok: 40466226 204 exp: 40466226 204 1 #EPN 201B/01 $021-03-26 $t00:52:15.922 201C/01 $020-03-26 201U/01 $0utf8 203@/01 $01337879398 208@/01 $a20-03-26 $bl 209S/01 $S0 $uhttp://portal.acm.org/toc.cfm?id=2377816 $XH lok: 40466226 205 exp: 40466226 205 1 #EPN 201B/01 $021-03-26 $t00:52:15.913 201U/01 $0utf8 203@/01 $0100225776X 208@/01 $a26-06-17 $bl 209S/01 $S0 $uhttp://portal.acm.org/toc.cfm?id=2377816 $XH
| LEADER | 00000cam a22000002c 4500 | ||
|---|---|---|---|
| 001 | 404662269 | ||
| 003 | DE-603 | ||
| 005 | 20260321005215.0 | ||
| 007 | cr|||||||||||| | ||
| 008 | 170626s2012 xx |||| o| u10||u|eng c | ||
| 020 | |a 9781450313094 | ||
| 035 | |a (DE-599)HEB404662269 | ||
| 040 | |a DE-603 |b ger |c DE-603 |d DE-603 | ||
| 041 | |a eng | ||
| 084 | |a 004 |q DE-101 |2 sdnb | ||
| 100 | 1 | |a Schaefer, Ina |d 1977- |e Verfasser |4 aut |0 (DE-603)20973924X |0 (DE-588)137483821 |2 gnd | |
| 245 | 0 | 0 | |a Proceedings of the 4th International Workshop on Feature-Oriented Software Development |
| 246 | 1 | 3 | |a FOSD '12 |
| 264 | 1 | |a New York, NY |b ACM |c 2012 | |
| 264 | 2 | |a New York, NY |b ACM | |
| 300 | |a 1 Online-Ressource (81 pages) | ||
| 336 | |a Text |b txt |2 rdacontent | ||
| 337 | |a Computermedien |b c |2 rdamedia | ||
| 338 | |a Online-Ressource |b cr |2 rdacarrier | ||
| 655 | 7 | |a Konferenzschrift |2 gnd-content |0 (DE-588)1071861417 |0 (DE-603)359646190 | |
| 856 | |u http://portal.acm.org/toc.cfm?id=2377816 |x Verlag |z kostenfrei | ||
| 912 | |a ZDB-15-ACM | ||
| 924 | 1 | |9 603 |a (DE-603)1002257662 |b DE-603 |c HES |d d | |
| 924 | 1 | |9 603 |a (DE-603)1002257670 |b DE-603 |c HES |d d | |
| 924 | 1 | |9 603 |a (DE-603)1002257689 |b DE-603 |c HES |d d | |
| 924 | 1 | |9 603 |a (DE-603)1002257697 |b DE-603 |c HES |d d | |
| 924 | 1 | |9 603 |a (DE-603)1002257700 |b DE-603 |c HES |d d | |
| 924 | 1 | |9 603 |a (DE-603)1002257719 |b DE-603 |c HES |d d | |
| 924 | 1 | |9 603 |a (DE-603)1002257727 |b DE-603 |c HES |d d | |
| 924 | 1 | |9 603 |a (DE-603)1002257735 |b DE-603 |c HES |d d | |
| 924 | 1 | |9 603 |a (DE-603)1002257743 |b DE-603 |c HES |d d | |
| 924 | 1 | |9 603 |a (DE-603)1337879371 |b DE-603 |c HES |d d | |
| 924 | 1 | |9 603 |a (DE-603)133787938X |b DE-603 |c HES |d d | |
| 924 | 1 | |9 603 |a (DE-603)1337879398 |b DE-603 |c HES |d d | |
| 924 | 1 | |9 603 |a (DE-603)100225776X |b DE-603 |c HES |d d | |